LEADER 00977nam a2200229 u 4500 001 000000005827 003 CaOOAMICUS 005 20070226104815.0 008 940514s1943 it u000 u ita u 035 $a10147968 040 $aPUL(R)$bita 100 1 $aPapini, Giovanni,$d1881-1956.$0(OLS)http://pul/name/5962 245 10$aCielo e terra /$cGiovanni Papini. 260 $aFirenze :$bLibreria editrice fiorentina,$c[1943] 300 $a243 p. ;$c20 cm 504 $aIncludes bibliographical references. 850 $aPUL 852 $aPUL$W1$xDP1 Fondo Cecchetti$y53$m277 A 30$j8284$nBK-PRI$b $qFondi$B8284$CPULBib$Z2$F8284 $HPUL7446 $81 852 $aPUL$W1$xDP1 Fondo Cecchetti$y53$m296 C 34$j8285$nBK-PRI$b $qFondi$B8285$CPULBib$Z2$F8285 $HPUL4436 $81 941 1 $a1 996 $6245$aCielo e terra$9(OLS)http://pul/title/8532 996 $6260$aFirenze :$bLibreria editrice fiorentina$9(OLS)http://pul/publisher/48392 LEADER 01021nam a2200265 a 4500 001 000000136458 003 CaOOAMICUS 005 20131128102702.0 008 131128s1963 it u000 udita r 040 $aPUL$bita 041 1 $aita$hger 100 1 $aHölderlin, Friedrich,$d1770-1843.$0(OLS)http://pul/name/38801 245 10$aPoesie /$cFriedrich Hölderlin ; traduzione e saggio introduttivo di Giorgio Vigolo. 260 $aTorino :$bEinaudi,$c1963. 300 $aLXXI, 220 p. ;$c19 cm 490 1 $aNuova universale Einaudi ;$v33 700 1 $aVigolo, Giorgio,$d1894-1983.$0(OLS)http://pul/name/38802 830 0$aNuova universale Einaudi ;$v33.$0(OLS)http://pul/title/32770 850 $aPUL 852 $aPUL$W1$xDP1 Fondo E. Rossi$y115$m2 D 37$j157186$qFondi$B156651$CPULBib$Z2$F156651 $82 941 1 $a1 961 $aSul dorso collocazione ms. di E. Rossi: IV 43 996 $6245$aPoesie$9(OLS)http://pul/title/12941 996 $6260$aTorino :$bEinaudi$9(OLS)http://pul/publisher/48130